Statistiques concernant Règne de Charles VI

Cliquez ici pour prendre le quiz!

Statistiques générales

  • Ce quiz a été pris 2 fois
  • Le résultat moyen est 5 sur 11

Statistiques - réponses

QuestionsRéponses% Correct
Première crise de folie de Charles VI1392
100%
Bal des ardents1393
100%
Soustraction d'obédiance de la France au Pape1398
100%
Siège d'Avignon par Boucicaut1398
100%
Philippe le Hardi épouse l'héritière de Flandres1369
50%
Trêves de Leulinghen (écrire les trois années)1384-1389-1393
50%
Harelle de Rouen1382
0%
Bataille de Roosbeke1382
0%
Philippe le Hardi devient comte de Flandres1384
0%
Paix de Tournai1385
0%
Révolte des Maillotins1 mars 1382
0%

Distribution des résultats

Percentile par nombre de réponses

% des personnes avec chaque résultat

Votre développement - résultats

Vous n’avez pas pris ce quiz